| 000 | 00526nam a2200181 4500 | ||
|---|---|---|---|
| 001 | 117632 | ||
| 003 | ES-MaACL | ||
| 005 | 20250407063113.0 | ||
| 007 | t| | ||
| 008 | 070214s1972 sp r ||||1| cat d | ||
| 100 | 1 |
_aPedrolo, Manuel de, _d1918-1991 _989937 |
|
| 245 | 1 | 0 |
_aUnes mans plenes de sol _b: temps obert, 6 / _cManuel de Pedrolo. |
| 250 | _a[1ยช ed.]. | ||
| 260 |
_aBarcelona : _bEdicions 62, _c1972. |
||
| 300 |
_a253 p. ; _c20 cm. |
||
| 852 |
_aES-MaACL _jC-49288 _bR.84261 |
||
| 999 |
_c117632 _d117632 |
||